000 00516nam a2200193 a 4500
001 12767
003 CO-ViMGA
008 141112s2004 ck r 000 u spa d
020 _a0821343556
040 _aCO-ViMGA
_bspa
_cCO-ViMGA
082 0 4 _a332.1532 B151
110 _aBanco Mundial
_918487
245 1 0 _aInforme Anual :
_bBanco Mundial
260 _aWashington :
_bworld Bank Group,
_c1994
300 _a388p. : il.
500 _a1996 - 1999.
650 1 4 _aBANCO MUNDIAL - INFORMES
_918488
942 _2ddc
_cBK
999 _c23711
_d23711